000 00949cam a22002653a 4500
001 7948
003 PGUSA
005 20140828083150.0
008 050401s2005||||xxu|||||s|||||000 | eng d
040 _aPGUSA
_beng
042 _adc
050 4 _aPS
050 4 _aDA
100 1 _aIrving, Washington,
_d1783-1859
245 1 0 _aAbbotsford and Newstead Abbey
_h[electronic resource] /
_cWashington Irving
260 _bProject Gutenberg,
_c2005
505 0 _aAbbotsford -- Newstead Abbey -- Arrival at the Abbey -- The Abbey garden -- Plough Monday -- Old servants -- Superstitions of the Abbey -- Annesley Hall -- The lake -- Robin Hood and Sherwood Forest -- The rook cell -- The little white lady.
506 _aPublic domain in the USA.
516 _aElectronic text
653 _aAbbotsford (Scotland)
653 _aNewstead Abbey
830 0 _aProject Gutenberg
_v7948
856 4 0 _uhttp://www.gutenberg.org/ebooks/7948
942 _cEB
999 _c237248
_d237248